|
|
|
|
| LEADER |
01605cam a2200433 i 4500 |
| 001 |
nkc20183008320 |
| 003 |
CZ PrNK |
| 005 |
20180912080053.0 |
| 007 |
ta |
| 008 |
180723s2018 xr abh g 000 f cze d |
| 015 |
|
|
|a cnb003008320
|
| 020 |
|
|
|a 978-80-7577-637-2
|q (brožováno) :
|c Kč 249,00
|
| 035 |
|
|
|a (OCoLC)1056249345
|
| 040 |
|
|
|a ULG001
|b cze
|d OLA001
|e rda
|
| 041 |
1 |
|
|a cze
|h pol
|
| 072 |
|
7 |
|a 821.162.1
|x Polská literatura
|2 Konspekt
|9 25
|
| 080 |
|
|
|a 821.162.1-31
|2 MRF
|
| 080 |
|
|
|a (0:82-31)
|2 MRF
|
| 100 |
1 |
|
|a Tokarczuk, Olga,
|d 1962-
|7 jn20000605336
|4 aut
|
| 240 |
1 |
0 |
|a Bieguni.
|l Česky
|7 aun20181006511
|
| 245 |
1 |
0 |
|a Běguni /
|c Olga Tokarczuková ; z polského originálu Bieguni ... přeložili Petr Vidlák a Pavel Peč
|
| 250 |
|
|
|a Druhé, brožované vydání
|
| 264 |
|
1 |
|a Brno :
|b Host,
|c 2018
|
| 300 |
|
|
|a 330 stran :
|b ilustrace, mapy, faksimile ;
|c 19 cm
|
| 336 |
|
|
|a text
|b txt
|2 rdacontent
|
| 337 |
|
|
|a bez média
|b n
|2 rdamedia
|
| 338 |
|
|
|a svazek
|b nc
|2 rdacarrier
|
| 504 |
|
|
|a Obsahuje bibliografické odkazy
|
| 655 |
|
7 |
|a polské romány
|7 fd133084
|2 czenas
|
| 655 |
|
9 |
|a Polish fiction
|2 eczenas
|
| 700 |
1 |
|
|a Vidlák, Petr,
|d 1974-
|7 mzk2004217437
|4 trl
|
| 700 |
1 |
|
|a Peč, Pavel,
|d 1977-
|7 mzk2006363566
|4 trl
|
| 910 |
2 |
|
|a BOA001
|b 1-1411.516
|
| 920 |
|
|
|a KN3148000001385329
|z ULG001
|
| 990 |
|
|
|a BK
|
| 995 |
|
|
|a 01
|
| 991 |
|
|
|b 201808
|c NOV
|
| 996 |
6 |
|
|b 2610751346
|c 1-1411.516
|l MZK
|r Sklad / do 1 hodiny
|n 4
|p p.v.
|w 001678936
|u 000010
|a 1
|e BOA001
|j MZK50
|s P
|
| 996 |
7 |
|
|b 2610751347
|c 1-1411.516
|l MZK
|r Sklad / do 1 hodiny
|n 27
|p p.v.
|w 001678936
|u 000020
|a 1
|e BOA001
|j MZK50
|s A
|